El valor de la hipótesis en el desarrollo de la ciencia /

En este ensayo el autor intenta aportar elementos que ayuden a "reconciliar" las ciencias naturales y la filosofía a partir del análisis del concepto de hipótesis.

Guardado en:
Detalles Bibliográficos
Autor principal: Ramos, Gilberto (autor)
Formato: Libro
Idioma:Español
Publicado: Guerrero, México : Jus, 1961
Temas:
Etiquetas: Agrega una etiqueta
Sin etiquetas, Sé el primero en etiquetar este registro!

MARC

LEADER 00000nam^a2200000^a^4500
001 000000893
005 20260624000000.0
009 20260625154337.69
037 |a Acervo ITESO - Biblioteca 
041 |a ESP 
082 |a 100.  |b RAM 
100 |a Ramos, Gilberto  |e (autor) 
245 1 3 |a El valor de la hipótesis en el desarrollo de la ciencia /  |c G. Ramos. 
264 1 |a Guerrero, México :  |b Jus,  |c 1961 
300 |a 114 p. 
336 |a texto  |b txt  |2 rdacontenido 
337 |a sin mediación  |b n  |2 rdamedio 
338 |a volumen  |b nc  |2 rdasoporte 
520 |a En este ensayo el autor intenta aportar elementos que ayuden a "reconciliar" las ciencias naturales y la filosofía a partir del análisis del concepto de hipótesis. 
649 |a XX 
650 |a Epistemología 
650 |a Filosofía -  |x Metodología 
910 |a Fondo General 
920 |a Impresos - Libros 
930 |a Colección General 
905 |a 101 
901 |a 0008930200  |b IT1  |c ACC  |i 900062  |u 20260624 
902 |a https://opac.biblio.iteso.mx/vufind/Record/000000893